<The> Crimean Bridge: an Expenditure or an Advantage for Russia?

Pre každú krajinu sveta je najdôležitejšie zaručiť životný štýl a snažiť sa ho každoročne vylepšovať, a preto každá národná vláda investuje verejné zdroje do služieb a infraštruktúry. Jednou z hlavných investícií Ruskej federácie je krymský most, ktorý prezentuje nielen výdavky, ale aj budúcnosť h...

Descripción completa

Guardado en:
Detalles Bibliográficos
Autor principal: Campa, Antonio
Otros Autores: Kovina, Valeriya
Formato: Capítulo de libro
Lenguaje:inglés
Materias:
Etiquetas: Agregar Etiqueta
Sin Etiquetas, Sea el primero en etiquetar este registro!

MARC

LEADER 00000naa a2200000 4500
001 0243913
005 20220718122828.0
041 0 |a eng 
044 |a SK 
245 1 0 |a <The> Crimean Bridge: an Expenditure or an Advantage for Russia?  |c Antonio Campa, Valeriya Kovina 
520 |a Pre každú krajinu sveta je najdôležitejšie zaručiť životný štýl a snažiť sa ho každoročne vylepšovať, a preto každá národná vláda investuje verejné zdroje do služieb a infraštruktúry. Jednou z hlavných investícií Ruskej federácie je krymský most, ktorý prezentuje nielen výdavky, ale aj budúcnosť hospodárske, sociálne, turistické a strategické výhody, ktoré od Ruska získajú tejto investície. 
610 2 0 |a Rusko 
610 2 0 |a integrácia 
610 2 0 |a stratégia investičná 
610 2 0 |a Ukrajina 
610 2 0 |a efektívnosť investícií ekonomická 
100 1 |a Campa, Antonio 
700 1 |a Kovina, Valeriya